| 000 | 00493nam a22001697a 4500 | ||
|---|---|---|---|
| 005 | 20160616141113.0 | ||
| 008 | 160616b xxu||||| |||| 00| 0 eng d | ||
| 020 | _a81-259-1018-2 | ||
| 041 | _aeng | ||
| 082 | _b7998 | ||
| 100 |
_aMishra, R.K. Nandagor R. Geeta, P and Nvind _92121 |
||
| 245 | _aThe Role of Memorandam of understanding in public enterprise report | ||
| 260 |
_aNew Delhi _bVikas Publishing House (P) Ltd. _c2002 |
||
| 300 | _a220 | ||
| 650 |
_aManagement _9241 |
||
| 942 | _cBK | ||
| 999 |
_c2967 _d2966 |
||